Memoria : ... / Centro de Gestión Catastral y Cooperación Tributaria ... / Centro de Gestión Catastral y Cooperación Tributaria
Descripción Física:
2 v. ; 27 cm
MARC
| LEADER | 00000nam a2200000Ia 4500 | ||
|---|---|---|---|
| 001 | 10920, 10921 | ||
| 008 | 160829s1989, xx 000 0 cat d | ||
| 080 | |a M-1-211, M-1-212 | ||
| 100 | |a Centro de Gestión Catastral y Cooperación Tributaria |9 33012 | ||
| 245 | |a Memoria : |b ... / Centro de Gestión Catastral y Cooperación Tributaria | ||
| 260 | |a Madrid : |b Ministerio de Economia y Hacienda, |c 1989, |c 1991 | ||
| 300 | |a 2 v. ; |c 27 cm | ||
| 650 | |a Cadastres de finques |x Espanya |9 33013 | ||
| 650 | |a Impostos |x Espanya |9 25281 | ||
| 866 | |a 1987 - 1988, 1990 | ||
| 901 | |a Arxiu | ||
| 942 | |n 1 | ||
| 952 | |0 0 |1 0 |4 0 |6 M1211_M1212 |7 1 |9 46174 |a Arxiu |b Arxiu |d 2016-12-01 |l 0 |o M-1-211, M-1-212 |p 10920, 10921 |r 2016-12-01 00:00:00 |w 2016-12-01 |y ARXIU | ||
| 999 | |c 49676 |d 49676 | ||